| 000 | 01384nam a22003617a 4500 | ||
|---|---|---|---|
| 003 | CHAP | ||
| 005 | 20220817044127.0 | ||
| 008 | 060929d2006 mx abd r 00110 spa d | ||
| 010 | _a92830 | ||
| 011 | _a93802 | ||
| 035 | _a104383 | ||
| 040 | _cCHAP | ||
| 090 | _aTesis | ||
| 100 | 1 |
_aEscobar Toledo, José Alberto. _937522 |
|
| 245 | 1 | 0 |
_aDiagnóstico participativo y propuesta de desarrollo ganadero en el municipio de San Pedro Tapanatepec, Oaxaca _c/por José Alberto Escobar Toledo |
| 260 |
_aChapingo, Méx. : _bEl autor, _c2006 |
||
| 300 |
_a122 h. : _bilus. ; gráfs. ; mapas ; cuadros ; diagramas |
||
| 502 | _aTesis (Ing. Agr. Esp. en Zootecnia) -- UACH. Departamento de Zootecnia | ||
| 590 |
_aALEPH _b10 _c20130110 _lUCH01 _h1514 |
||
| 590 |
_aBATCH-UPD _b10 _c20130110 _lUCH01 _h0957 |
||
| 590 |
_aBATCH-UPD _b10 _c20130410 _lUCH01 _h0609 |
||
| 590 |
_aBATCH-UPD _b10 _c20130914 _lUCH01 _h1156 |
||
| 590 |
_aCONVERSION _b10 _c20130109 _lUCH01 _h1351 |
||
| 650 | 1 | 4 |
_aDesarrollo rural. _932067 |
| 650 | 1 | 4 | _aDesarrollo sustentable. |
| 650 | 1 | 4 |
_aGanadería _xAspectos económicos _xOaxaca. _944641 |
| 650 | 1 | 4 |
_aGanadería _xOaxaca. _944834 |
| 901 | _aBK | ||
| 905 | _aMarco A. Mendoza T. | ||
| 942 | _cFOLL | ||
| 949 |
_aTesis _bBC _cTES _d00000001043831 _eTS1 _gDonaciØn _h45784 _i104383 _sb |
||
| 949 |
_aTesis _bBC _cTES _d33724000996500 _eTS2 _fc.2 _gDonaciØn _h45785 _i104383 _si |
||
| 999 |
_c92830 _d92830 |
||